000 00819nas a2200277 4500
001 BR9801379
003 BR-BrBNA
005 20231205100934.0
007 ta
008 230509b bl.|||p| |||| 00| 00por d
040 _aBR-BrBNA
_bpor
_cBiblioteca Nacional de Agricultura
041 _a(Pt)
072 _aL70
100 1 _aRaposo, J.B.
100 1 _aFernandes, C.G.
100 1 _aSallis, E.S.V.
100 1 _aGrecco, F.B.
245 1 _aPeritonite infecciosa felina (relato de casos)
650 _aDoenca Animal
650 _aDiagnostico
650 _aPeritonite
650 _aGato
773 0 _tRevista da Faculdade de Zootecnia, Veterinaria e Agronomia (Brazil)
_xISSN 0104-4257
_g(Jan-Dec 1995-1996), v. 2-3(1) p. 59-63
_wBR9801379
909 _a202311
_bLúcia
_c55
_dLúcia Elande
942 _2AGRIS
_n0
_cANA
999 _c158897
_d158897